000 01361nam a22002657a 4500
005 2008123002222.0
008 081230t xxu||||| |||| 00| 0 hin d
010 _aHIN-85721
020 _c275.00
_a8177790706
035 _aHN-58067
037 _bDBAD / PUB
040 _aDPL
_bHN
082 _a616.044
100 _aपाण्डेय , एस.के.
245 _aअमृत जीवन:
_cएस.के. पाण्डेय
_b(उत्तर प्रदेश हिन्दी संस्थान, लखनऊ द्वारा बीरबल साहनी नामित पुरस्कार 2003) /
246 _aAmrita jiivana
_bby S. K. Pandey
250 _a2रा संस्क
260 _aइलाहाबाद
_bसाहित्य भण्डार
_c2008
270 _a50, चाहचन्द
_bइलाहाबाद
300 _a248पृ.:
_c22 सेमी (सजिल्द)
_bसचित्र
650 _aजीवन शैली
_xबीमारियाँ
650 _aLife Style
_xDiseases
942 _2ddc
_cHN
_mपाण्डेय
_h616.044
999 _c20407
_d20407